ბათუმის შოთა რუსთაველის სახელმწიფო უნივერსიტეტის ბიბლიოთეკა

Plumer's Principles and Practice of Intravenous Therapy / (ბიბ.ჩანაწერი № 61726)

000 -LEADER
fixed length control field 00659nam a22002057a 4500
005 - DATE AND TIME OF LATEST TRANSACTION
control field 20240422174805.0
008 - FIXED-LENGTH DATA ELEMENTS--GENERAL INFORMATION
fixed length control field 240422s2007 enk||||| |||| 00| 0 eng d
020 ## - INTERNATIONAL STANDARD BOOK NUMBER
International Standard Book Number 9780781759441x
041 ## - LANGUAGE CODE
Language code of text/sound track or separate title eng
080 ## - UNIVERSAL DECIMAL CLASSIFICATION NUMBER
Universal Decimal Classification number 616.1 W-46
100 ## - MAIN ENTRY--PERSONAL NAME
Personal name Weinstein, Sh. M.
9 (RLIN) 21911
245 ## - TITLE STATEMENT
Title Plumer's Principles and Practice of Intravenous Therapy /
Statement of responsibility, etc. Sh. M. Weinstein.
250 ## - EDITION STATEMENT
Edition statement 8th Edition
264 ## - PRODUCTION, PUBLICATION, DISTRIBUTION, MANUFACTURE, AND COPYRIGHT NOTICE
Place of production, publication, distribution, manufacture Philadelphia :
Name of producer, publisher, distributor, manufacturer Lippincott Williams & Wilkins,
Date of production, publication, distribution, manufacture, or copyright notice 2007.
300 ## - PHYSICAL DESCRIPTION
Extent 753 p.:
Other physical details ill.
Dimensions 24 cm.
521 ## - TARGET AUDIENCE NOTE
Target audience note + 1 CD
653 ## - INDEX TERM--UNCONTROLLED
keyword ინტრავენური თერაპია
653 ## - INDEX TERM--UNCONTROLLED
keyword მედიცინა
942 ## - ADDED ENTRY ELEMENTS (KOHA)
Source of classification or shelving scheme
Koha item type წიგნი
ეგზემპლარები
Withdrawn status Lost status Source of classification or shelving scheme Damaged status Not for loan Permanent Location Current Location Shelving location Date acquired Coded location qualifier Cost, normal purchase price Serial Enumeration / chronology Full call number Barcode Date last seen Copy number Price effective from Koha item type Public note
          ბათუმის შოთა რუსთაველის სახელმწიფო უნივერსიტეტის მთავარი ბიბლიოთეკა ბათუმის შოთა რუსთაველის სახელმწიფო უნივერსიტეტის მთავარი ბიბლიოთეკა წიგნსაცავი 2024-04-22 88.00 +1 CD 616.1 W-46 67892 2024-04-22 67892 2024-04-22 წიგნი 88 ლ.